|
|
|
|
| LEADER |
00000nam a2200000 a 4500 |
| 001 |
vtls010026430 |
| 003 |
SK-MaSNL |
| 005 |
20260425235535.0 |
| 008 |
251029p1972 gw ba g 001 0 ger |
| 020 |
|
|
|a 3879690995
|q (brož.)
|
| 040 |
|
|
|a SNK
|b slo
|c SNK
|e AACR2
|
| 041 |
0 |
|
|a ger
|
| 043 |
|
|
|a ee-----
|
| 044 |
|
|
|a gw
|c DE
|
| 072 |
|
7 |
|a 316.3
|x Globálne spoločnosti. Sociálna štruktúra. Sociálne skupiny
|2 konspekt
|
| 080 |
|
|
|a 316.72/.75
|2 2001
|
| 080 |
|
|
|a (=112.2)
|2 2001
|
| 080 |
|
|
|a (4-11)
|2 2001
|
| 080 |
|
|
|a (048.8)
|2 2001
|
| 100 |
1 |
|
|a Müller, Martha
|4 aut
|9 541180
|
| 245 |
1 |
0 |
|a Mecklenburger in Osteuropa
|b Ein Beitrag zu ihrer Auswanderung im 16. bis 19. Jahrhundert
|c Martha Müller
|
| 260 |
|
|
|a Marburg (Lahn)
|b Johann Gottfried Herder-Institut
|c 1972
|
| 300 |
|
|
|a xx, 471 s., [28] s. obr. príl.
|b illustr., mp.
|c 21 cm
|
| 490 |
1 |
|
|a Wissenschaftliche Beiträge zur Geschichte und Landeskunde Ost-Mitteleuropas
|v Nr. 91
|
| 504 |
|
|
|a Obsahuje bibliogr. a reg.
|
| 648 |
|
7 |
|a 16.-19. stor.
|2 SNKPH
|9 287139
|
| 650 |
0 |
7 |
|a kultúra a spoločnosť
|2 SNKPH
|9 4083
|
| 650 |
0 |
7 |
|a Nemci
|2 SNKPH
|9 22551
|
| 651 |
|
7 |
|a Európa východná
|2 SNKPH
|9 167635
|
| 655 |
|
7 |
|a štúdie
|2 SNKPH
|9 57033
|
| 830 |
|
0 |
|a Wissenschaftliche Beiträge zur Geschichte und Landeskunde Ost-Mitteleuropas
|9 541181
|
| 919 |
|
|
|a 3-87969-099-5
|
| 958 |
|
|
|a OND
|
| 999 |
|
|
|c 832539
|d 834469
|
| 952 |
|
|
|a SNK
|b SNK
|y VYP
|7 0
|p 17A0641292
|o snkIC 138279
|i snk2010/417
|8 2
|g 14.00
|0 0
|1 0
|4 0
|d 2009-11-30
|l 0
|r 2026-02-24 03:43:14
|w 2026-02-24
|